[Event "Guadalajara Peoneros op 1st"]
[Site "Guadalajara"]
[Date "2020.01.11"]
[Round "1"]
[White "Ortega Morales, Carlo Roman"]
[Black "Orozco Valencia, Zocimo Edilberto"]
[Result "0-1"]
[WhiteElo "924"]
[BlackElo "1711"]
[PlyCount "132"]
[EventDate "2020.01.11"]
[EventType "swiss"]
[EventRounds "5"]
[EventCountry "MEX"]
[SourceTitle "CBM 195 Extra"]
[Source "ChessBase"]
[SourceDate "2020.05.31"]
[SourceVersion "1"]
[SourceVersionDate "2020.05.31"]
[SourceQuality "1"]

1. d4 d5 2. c4 Nf6 3. Nc3 e6 4. Nf3 Be7 5. e3 c6 6. Bd3 Nbd7 7. 0-0 0-0 8. e4 dxe4 9. Nxe4 Nxe4 10. Bxe4 Nf6 11. Bc2 c5 12. Bg5 h6 13. Bh4 cxd4 14. Qxd4 Qxd4 15. Nxd4 g5 16. Bg3 Bd7 17. Rad1 Rac8 18. b3 Rfd8 19. Rfe1 Nh5 20. Nf5 exf5 21. Rxe7 Bc6 22. f3 Rxd1+ 23. Bxd1 Rd8 24. Bc2 Nxg3 25. hxg3 Rd2 26. Bxf5 Rxa2 27. Be4 Kf8 28. Rc7 Bxe4 29. fxe4 b6 30. Rc8+ Kg7 31. Rc7 Ra3 32. e5 Kf8 33. Kh2 a5 34. Rc8+ Ke7 35. Rc7+ Ke8 36. c5 Rxb3 37. cxb6 Rxb6 38. Rc5 Ra6 39. Rc3 a4 40. Ra3 Ke7 41. Kh3 h5 42. g4 h4 43. g3 hxg3 44. Kxg3 Ke6 45. Kf3 Kxe5 46. Ke3 Kd5 47. Kd3 Kc5 48. Kc3 Kb5 49. Ra2 Rc6+ 50. Kd4 Rc4+ 51. Kd5 Rxg4 52. Rb2+ Rb4 53. Rc2 a3 54. Rc5+ Ka4 55. Rc7 Rf4 56. Ra7+ Kb3 57. Rb7+ Ka2 58. Ke5 Ka1 59. Rb6 a2 60. Rb3 Rf2 61. Ke4 f5+ 62. Ke3 Rb2 63. Rd3 Rh2 64. Rd5 Kb2 65. Kd4 a1Q 66. Rb5+ Kc2+ 0-1